| 000 | 00586nam a22001817a 4500 | ||
|---|---|---|---|
| 003 | UA-OsUOA | ||
| 001 | 19249 | ||
| 007 | ta | ||
| 008 | 20040729b un ||||| |||| 00| 0 ukr d | ||
| 100 | _aРоманюк В. | ||
| 942 | _cSA | ||
| 040 |
_aUA-OsUOA _cUA-OsUOA _dUA-OsUOA |
||
| 245 |
_aПаломництво... додому _b[Делегація з Рівненщині побувалп на Грубешівщині (Польща)] |
||
| 300 | _aС.7 | ||
| 955 | _a0 | ||
| 773 | 0 |
_w0 _tВОЛИНЬ _dРівне _d2004 _g№30/23 лип./ |
|
| 650 | 7 |
_aКраєзнавча робота _2UDC |
|
| 999 |
_c305420 _d305420 |
||